| 000 | 01335nam a22004937a 4500 | ||
|---|---|---|---|
| 005 | 20250819085915.0 | ||
| 008 | 210224b2009 xxu||||| |||| 00| 0 spa d | ||
| 020 | _a9788478854882 | ||
| 041 | _aESP | ||
| 082 | _a616.025 T115t4 | ||
| 245 | _aTratado de urgencias en medicina: diagnóstico y tratamiento | ||
| 250 | _a4 edición | ||
| 260 | _aEspaña | ||
| 260 | _bGrupo Aula Médica | ||
| 260 | _c2009 | ||
| 300 | _a880 páginas | ||
| 490 | _aTemática General | ||
| 650 | _aMEDICINA DE URGENCIAS | ||
| 650 | _aURGENCIAS CARDÍACAS | ||
| 650 | _aURGENCIAS RESPIRATORIAS | ||
| 650 | _aURGENCIAS DIGESTIVAS | ||
| 650 | _aURGENCIAS ENDOCRINOLÓGICAS | ||
| 650 | _aURGENCIAS INFECCIOSAS | ||
| 650 | _aURGENCIAS NEUROLÓGICAS | ||
| 650 | _aCIRUGÍA | ||
| 650 | _aURGENCIAS GINECOLÓGICAS | ||
| 650 | _aOTORRINOLARINGOLOGÍA | ||
| 650 | _aREUMATOLOGÍA | ||
| 650 | _aALERGOLOGÍA | ||
| 650 | _aTOXICOLOGÍA | ||
| 650 | _aPSIQUIATRÍA | ||
| 650 | _aUROLOGÍA | ||
| 650 | _aOFTALMOLOGÍA | ||
| 650 | _aTRAUMATOLOGÍA | ||
| 650 | _aCIRUGÍA VASCULAR | ||
| 650 | _aTRANSFUSIONES | ||
| 650 | _aANALGESIA | ||
| 650 | _aDROGAS EN REANIMACIÓN | ||
| 650 | _aTRTAMIENTO PALIATIVO | ||
| 650 | _aCATÁSTROFES | ||
| 650 | _aFARMACOLOGÍA | ||
| 650 | _aFÓRMULAS EN URGENCIAS | ||
| 942 |
_cBK _2ddc |
||
| 999 |
_c12921 _d12921 |
||